Rabindranath Tagore omnibus 1 - 3 (Record no. 534048)
[ view plain ]
| 000 -LEADER | |
|---|---|
| fixed length control field | 00548nam a22002057a 4500 |
| 003 - CONTROL NUMBER IDENTIFIER | |
| control field | Nust |
| 005 - DATE AND TIME OF LATEST TRANSACTION | |
| control field | 20200129104025.0 |
| 008 - FIXED-LENGTH DATA ELEMENTS--GENERAL INFORMATION | |
| fixed length control field | 170131b xxu||||| |||| 00| 0 eng d |
| 020 ## - INTERNATIONAL STANDARD BOOK NUMBER | |
| International Standard Book Number | 9788129101754 (pbk) |
| 038 ## - RECORD CONTENT LICENSOR | |
| Staff Name | MSOHAIL |
| 040 ## - CATALOGING SOURCE | |
| Transcribing agency | Nust |
| 082 ## - DEWEY DECIMAL CLASSIFICATION NUMBER | |
| Classification number | 891.446 |
| Author Mark | TAG |
| 100 ## - MAIN ENTRY--PERSONAL NAME | |
| Personal name | Tagore, Rabindranath, |
| Dates associated with a name | 1861-1941 |
| 9 (RLIN) | 28165 |
| 245 ## - TITLE STATEMENT | |
| Title | Rabindranath Tagore omnibus 1 - 3 |
| Statement of responsibility, etc. | Rabindranath Tagore |
| 250 ## - EDITION STATEMENT | |
| Edition statement | V-1-3 |
| 260 ## - PUBLICATION, DISTRIBUTION, ETC. | |
| Place of publication, distribution, etc. | New Delhi: |
| Name of publisher, distributor, etc. | Rupa G. |
| Date of publication, distribution, etc. | 2003. |
| 300 ## - PHYSICAL DESCRIPTION | |
| Extent | 1010p. |
| 650 ## - SUBJECT ADDED ENTRY--TOPICAL TERM | |
| Topical term or geographic name entry element | Indic literature |
| 9 (RLIN) | 28166 |
| 942 ## - ADDED ENTRY ELEMENTS (KOHA) | |
| Source of classification or shelving scheme | |
| Koha item type | Book |
| Withdrawn status | Lost status | Source of classification or shelving scheme | Damaged status | Not for loan | Permanent Location | Current Location | Date acquired | Total Checkouts | Full call number | Barcode | Date last seen | Price effective from | Koha item type |
|---|---|---|---|---|---|---|---|---|---|---|---|---|---|
| School of Civil and Environmental Engineering (SCEE) | School of Civil and Environmental Engineering (SCEE) | 01/29/2020 | 891.4434 TAG | NIT-9556 | 01/29/2020 | 01/29/2020 | Book | ||||||
| School of Civil and Environmental Engineering (SCEE) | School of Civil and Environmental Engineering (SCEE) | 01/29/2020 | 891.446 TAG | NIT-9557 | 01/29/2020 | 01/29/2020 | Book | ||||||
| School of Civil and Environmental Engineering (SCEE) | School of Civil and Environmental Engineering (SCEE) | 01/29/2020 | 891.446 TAG | NIT-9558 | 01/29/2020 | 01/29/2020 | Book |
